Rethinking foreign investment for sustainable development : (Record no. 8895)

MARC details
000 -LEADER
fixed length control field 01330cam a2200313 a 4500
001 - CONTROL NUMBER
control field 15524943
003 - CONTROL NUMBER IDENTIFIER
control field OSt
005 - DATE AND TIME OF LATEST TRANSACTION
control field 20240626111251.0
008 - FIXED-LENGTH DATA ELEMENTS--GENERAL INFORMATION
fixed length control field 081117s2009 enka b 001 0 eng
010 ## - LIBRARY OF CONGRESS CONTROL NUMBER
LC control number 2008046194
020 ## - INTERNATIONAL STANDARD BOOK NUMBER
International Standard Book Number 9781843313281
035 ## - SYSTEM CONTROL NUMBER
System control number (OCoLC)ocn246889975
040 ## - CATALOGING SOURCE
Transcribing agency MUST
043 ## - GEOGRAPHIC AREA CODE
Geographic area code cl-----
082 00 - DEWEY DECIMAL CLASSIFICATION NUMBER
Classification number 338.98 RET 2010
Edition number 22
100 ## - MAIN ENTRY--PERSONAL NAME
Personal name Gallahger, Kevin P
9 (RLIN) 17988
245 00 - TITLE STATEMENT
Title Rethinking foreign investment for sustainable development :
Remainder of title lessons for Latin America /
Statement of responsibility, etc. edited by Kevin P. Gallagher, Daniel Chudnovsky ; foreword by José Antonio Ocampo.
260 ## - PUBLICATION, DISTRIBUTION, ETC. (IMPRINT)
Place of publication, distribution, etc. London ;
-- New York :
Name of publisher, distributor, etc. Anthem Press,
Date of publication, distribution, etc. 2010
300 ## - PHYSICAL DESCRIPTION
Extent xxvii, 291 p. :
Other physical details ill. ;
Dimensions 24 cm.
504 ## - BIBLIOGRAPHY, ETC. NOTE
Bibliography, etc Includes bibliographical references (p. [253]-266) and index.
650 #0 - SUBJECT ADDED ENTRY--TOPICAL TERM
Topical term or geographic name as entry element Sustainable development
Geographic subdivision Latin America.
9 (RLIN) 17989
650 #0 - SUBJECT ADDED ENTRY--TOPICAL TERM
Topical term or geographic name as entry element Investments, Foreign
Geographic subdivision Latin America.
9 (RLIN) 17990
700 1# - ADDED ENTRY--PERSONAL NAME
Personal name Gallagher, Kevin,
9 (RLIN) 17991
700 1# - ADDED ENTRY--PERSONAL NAME
Personal name Chudnovsky, Daniel.
9 (RLIN) 17992
776 08 - ADDITIONAL PHYSICAL FORM ENTRY
Relationship information Online version:
Title Rethinking foreign investment for sustainable development.
Place, publisher, and date of publication London ; New York : Anthem Press, 2009
Record control number (OCoLC)612973827
906 ## - LOCAL DATA ELEMENT F, LDF (RLIN)
a 7
b cbc
c orignew
d 1
e ecip
f 20
g y-gencatlg
942 ## - ADDED ENTRY ELEMENTS (KOHA)
Source of classification or shelving scheme Dewey Decimal Classification
Koha item type Open Shelf
Holdings
Withdrawn status Lost status Source of classification or shelving scheme Damaged status Not for loan Home library Current library Date acquired Source of acquisition Inventory number Total Checkouts Full call number Barcode Date last seen Price effective from Koha item type
    Other/Generic Classification Scheme     MUST Main Library MUST Main Library 26/06/2024 Donation 11/35309   338.98 RET 2010 2024-21390 26/06/2024 26/06/2024 Open Shelf